How to listen to and understand opera /

"The history of opera is traced from its beginning in the early 17th century to around 1924"--Teaching Co. Web site.

Bibliographic Details
Main Author: Greenberg, Robert, 1954-
Corporate Author: Teaching Company
Format: CD Audio Book
Language:English
Published: Chantilly, VA : Teaching Co., [2001]
Series:Great courses (Compact disc)
Subjects:

MARC

Tag First Indicator Second Indicator Subfields
LEADER 00000cim a2200000Ia 4500
001 in00001800549
005 20151026051552.0
007 sd fungnn---ed
008 010322s2001 vaunnn r il eng d
020 |a 156585375X 
028 0 1 |a Course no. 740  |b Teaching Co. 
028 0 1 |a 741-744  |b Teaching Co. 
035 |a (OCoLC)ocm46542672 
040 |a VIA  |c VIA  |d JRG  |d OCLCQ  |d TXA  |d UtOrBLW 
049 |a TXAM 
090 |a ML1700  |b .G74 2001 
092 |a 782.1  |b G798h 2001 
100 1 |a Greenberg, Robert,  |d 1954- 
245 1 0 |a How to listen to and understand opera /  |c Robert Greenberg. 
264 1 |a Chantilly, VA :  |b Teaching Co.,  |c [2001] 
264 4 |c ℗2001 
300 |a 32 sound discs :  |b digital ;  |c 4 3/4 in. +  |e 4 course guidebooks (22 cm.). 
336 |a spoken word  |b spw  |2 rdacontent 
337 |a audio  |b s  |2 rdamedia 
338 |a audio disc  |b sd  |2 rdacarrier 
490 1 |a The great courses 
511 0 |a Robert Greenberg, lecturer. 
500 |a Teaching Co. Course number 740 (on guidebooks: 741-744). 
500 |a Compact discs. 
500 |a In 2 containers. 
504 |a Course guidebooks include bibliographical references. 
520 |a "The history of opera is traced from its beginning in the early 17th century to around 1924"--Teaching Co. Web site. 
505 0 |a pt. I. lecture 1-2. Introduction and words and music ; lecture 3-4. A brief history of vocal expression in music ; lecture 5-8. The invention of opera and Monteverdi's Orfeo -- pt. II. lecture 9-12. The growth of opera, the development of Italian opera seria, and Mozart's Idomeneo ; lecture 13-16. The rise of opera buffa and Mozart's the Marriage of Figaro -- pt. III. lecture 17-18. The bel canto style and Rossini's the Barber of Seville ; lecture 19-22. Verdi and Otello ; lecture 23-24. French opera -- pt. IV. lecture 25. German opera comes of age -- lecture 26-27. Richard Wagner and Tristan und Isolde -- lecture 28. Late Romantic German opera : Richard Strauss and Salome -- lecture 29-30. Russian opera -- lecture 31-32. Verismo, Puccini, and Tosca. 
500 |a Sound recording. 
650 0 |a Opera. 
710 2 |a Teaching Company. 
830 0 |a Great courses (Compact disc) 
948 |a cataloged  |b h  |c 2004/6/14  |d c  |e mphillip  |f 11:00:55 am 
994 |a E0  |b TXA 
999 |a MARS 
999 f f |s 06d1f4f4-dbc7-3884-ad2d-82da2a8c9a52  |i 1772fbc9-112c-34c6-88e3-4d03ea82e201  |t 0 
952 f f |p normal  |a Texas A&M University  |b College Station  |c Sterling C. Evans Library  |d Evans: Library Stacks  |t 0  |e ML1700 .G74 2001  |h Library of Congress classification  |i audio -- audio disc  |k guide, pt.2  |m A14831941977 
952 f f |p normal  |a Texas A&M University  |b College Station  |c Sterling C. Evans Library  |d Evans: Library Stacks  |t 0  |e ML1700 .G74 2001  |h Library of Congress classification  |i audio -- audio disc  |k pt.3-4  |m A14831942046 
952 f f |p normal  |a Texas A&M University  |b College Station  |c Sterling C. Evans Library  |d Evans: Library Stacks  |t 0  |e ML1700 .G74 2001  |h Library of Congress classification  |i audio -- audio disc  |k pt.1-2  |m A14831942004 
952 f f |p normal  |a Texas A&M University  |b College Station  |c Sterling C. Evans Library  |d Evans: Library Stacks  |t 0  |e ML1700 .G74 2001  |h Library of Congress classification  |i audio -- audio disc  |k guide, pt.3  |m A14838073660 
952 f f |p normal  |a Texas A&M University  |b College Station  |c Sterling C. Evans Library  |d Evans: Library Stacks  |t 0  |e ML1700 .G74 2001  |h Library of Congress classification  |i audio -- audio disc  |k guide, pt.4  |m A14831941985 
952 f f |p normal  |a Texas A&M University  |b College Station  |c Sterling C. Evans Library  |d Evans: Library Stacks  |t 0  |e ML1700 .G74 2001  |h Library of Congress classification  |i audio -- audio disc  |k guide, pt.1  |m A14831942088 
998 f f |a ML1700 .G74 2001  |s pt.1-4  |t 0  |l Evans: Library Stacks